Vista normal Vista MARC

Entrada Personal Name

Número de registros utilizados en: 1

001 - CONTROL NUMBER

  • control field: 11869

003 - CONTROL NUMBER IDENTIFIER

  • control field: OSt

005 - DATE AND TIME OF LATEST TRANSACTION

  • control field: 20201023110551.0

008 - FIXED-LENGTH DATA ELEMENTS

  • fixed length control field: 201023|| aca||aabn | a|a d

040 ## - CATALOGING SOURCE

  • Original cataloging agency: OSt
  • Transcribing agency: OSt

100 ## - HEADING--PERSONAL NAME

  • Personal name: Baddiel, Ivor

670 ## - SOURCE DATA FOUND

  • Source citation: Work cat.: (OSt): Baddiel, Ivor, autor, Pasión de fútbol / , 1998.